000 00702nam a2200277Ia 4500
005 20260121124644.0
008 008 260114s9999 xx 000 0 eng d
020 _a9783110757569
037 _aEBOOK
040 _aCRL
040 _beng
040 _cCRL
041 _2eng
041 _aeng
084 _qCRL
100 _aCaron, Jean-Francois
_9979694
245 4 _aThe Moral Dilemmas of Fighting Terrorism and Guerrilla Groups
260 _bWalter de Gruyter
260 _bWalter de Gruyter
260 _c2023
650 _aPolitical Science
_9979695
856 _uhttp://www.degruyter.com/isbn/9783110757569
942 _cEBOOK
999 _c1556211
_d1556211